000
00259nam a22001217a 4500
008
190205b xxu||||| |||| 00| 0 eng d
041
_a
eng
080
_a
316
100
_a
50
101
_a
SOC
245
_a
Survey Researcg Methods
_c
Babbie
942
_2
udc
_c
BK
999
_c
53969
_d
53969